Joey Bada$$ Discography (Hard) - Statistics

General Stats
  • This quiz has been taken 14 times
  • The average score is 5 of 8
Answer Stats
Year Type Name % Correct
2012 Mixtape 1999
100%
2022 Solo Album 2000
100%
2015 Solo Album B4.Da.$$
75%
2013 Mixtape Summer Knights
67%
2017 Solo Album All-Amerikkkan Badass
50%
2012 Mixtape Rejex
25%
2013 EP Summer Knights EP
25%
2020 EP The Light Pack
25%
No matching quizzes found
Score Distribution
Percent of People with Each Score
Percentile by Number Answered
Your Score History
You have not taken this quiz